000
00349nam a2200157Ia 4500
008
230605s2005 xx 000 0 und d
041
_a
eng
100
_a
Grisewood
245
_a
Children illusrated dictionary
260
_b
Impuse pub.
_c
2005
_c
2005
300
_a
379
365
_b
400
500
_a
30
520
_a
General
650
_a
Dict.
999
_c
418118
_d
418118